Technické prekážky obchodu podnikanie na jednotnom trhu Európskej únie

Salvato in:
Dettagli Bibliografici
Autore principale: Kollár, Vojtech
Altri autori: Gasperová, Jana, Filip, Stanislav, Rusko, Miroslav
Natura: Libro
Lingua:slovacco
Pubblicazione: Bratislava Vysoká škola ekonómie a manažmentu verejnej správy v Bratislave 2014
Edizione:1. vyd.
Soggetti:
Tags: Aggiungi Tag
Nessun Tag, puoi essere il primo ad aggiungerne!!

MARC

LEADER 00000nam a2200000 4500
001 0204295
005 20240522141430.3
020 |a 978-80-89654-18-5 
041 0 |a slo 
044 |a SK 
245 1 0 |a Technické prekážky obchodu  |b podnikanie na jednotnom trhu Európskej únie  |c Vojtech Kollár, Jana Gasperová ; recenzenti: Stanislav Filip, Miroslav Rusko 
250 |a 1. vyd. 
264 1 |a Bratislava  |b Vysoká škola ekonómie a manažmentu verejnej správy v Bratislave  |c 2014 
300 |a 304 s. [14,54 AH] 
610 2 0 |a obchod medzinárodný 
610 2 0 |a Svetová obchodná organizácia 
610 2 0 |a OECD 
610 2 0 |a politika zahraničnoobchodná 
610 2 0 |a politika zahraničná 
610 2 0 |a politika bezpečnostná 
610 2 0 |a Európska únia 
610 2 0 |a zamestnanosť 
610 2 0 |a práva ľudské 
610 2 0 |a ochrana spotrebiteľa 
610 2 0 |a súdnictvo 
610 2 0 |a politika vnútorná 
610 2 0 |a únie hospodárske 
610 2 0 |a únie menové 
610 2 0 |a podnikanie medzinárodné 
610 2 0 |a trh medzinárodný 
610 2 0 |a politika obchodná 
610 2 0 |a obchod voľný 
610 2 0 |a skúšobníctvo štátne 
610 2 0 |a certifikácia 
610 2 0 |a označovanie tovarov 
610 2 0 |a značky výrobkov 
610 2 0 |a potraviny 
610 2 0 |a bezpečnosť potravinová 
610 2 0 |a inšpekcia štátna 
610 2 0 |a pohyb tovaru 
610 2 0 |a normalizácia 
610 2 0 |a metrológia 
100 1 |a Kollár, Vojtech 
700 1 |a Gasperová, Jana 
700 1 |a Filip, Stanislav 
700 1 |a Rusko, Miroslav